000 00633cam a22002291 4500
001 ca 35000633
003 DLC
005 20260227111138.0
008 770222s1935 mau 000 0 eng
010 _aca 35000633
035 _a(OCoLC)2755230
040 _aDLC
_cMiMarqN
_dDLC
042 _apremarc
050 0 0 _aPS3545.I6235
_bC4
082 _a812.5
100 1 _aWilson, Dorothy Clarke.
245 1 0 _aC'est la guerre!
_b(that's war) a play in one act,
_cby Dorothy Clarke Wilson.
260 _aBoston,
_bWalter H. Baker company
_c[c1935]
300 _a32 p.
_c19 cm.
500 _aMusic: p. 31-32.
740 0 _aThat's war.
999 _c17851
_d17851